| 000 | 01006nam a2200289 i 4500 | ||
|---|---|---|---|
| 003 | EG-GICUC | ||
| 005 | 20260511130321.0 | ||
| 008 | 260511s1981 fr ||||fr|||| 00| 0 fre d | ||
| 020 | _a2222026474 | ||
| 040 |
_aEG-GiCUC _bfre _cEG-GiCUC _dEG-GiCUC _eRda |
||
| 082 | 0 | 4 |
_221 _a345.42 _bDE . P |
| 092 | 0 | 4 | _221 |
| 099 | _aLaw1 07 345 .42 DE . P 1981 | ||
| 100 | 1 |
_aDebbasch,Doyen Charles _eContributeur |
|
| 245 |
_aLa Politique De Choix Des Fonctionnaires Dans Les Pays Européens/ _cDoyen Charles Debbasch. |
||
| 264 | 1 |
_aParis: _bÉditions Du Centre National De La Recherche Scientifique, _c1981. |
|
| 300 |
_a368 page ; _c 24 cm. |
||
| 336 |
_2rda contenu _a texte |
||
| 337 |
_2rda medias _aOrdinateur |
||
| 338 |
_2 transporteur rda _a Ressource en ligne |
||
| 546 | _aTexte en français | ||
| 650 | 1 | _aDroit Administratif | |
| 650 | 1 | _aMéthodes de Sélection d'un Fonctionnaire | |
| 856 | 4 | 0 | _uhttps://fll.law.cu.edu.eg/fulltext/bks/B07-05477.pdf |
| 905 | _a59 | ||
| 942 |
_2ddc _n0 _cBK _e21 |
||
| 999 |
_c76564 _d76564 |
||